000 00503nam a2200169 4500
003 OSt
005 20221116170902.0
008 221111b |||||||| |||| 00| 0 eng d
040 _cBiblioteca Lado V
082 _a700.74
_bK62g
100 _9449
_aKittelman, Udo
_eeditor
245 _aGregor Schneider | Totes Haus UR/
_bLa biennale di Venezia 2001/
260 _c2001
_aAlemania
300 _a103p.
_c21x30cm
700 _aSalas, Carlos
_eautor
942 _2ddc
_c1
_h700.74
_iK62g
_n0
999 _c2667
_d2667